| 000 | 00000nam 2200000zi 4500 |
| 001 | 9.925668 |
| 003 | CaOODSP |
| 005 | 20250324130933 |
| 006 | m o d f |
| 007 | cr |n||||||||| |
| 008 | 230728e199008 onc ob f000 0 fre d |
| 040 | |aCaOODSP|bfre|erda|cCaOODSP |
| 043 | |an-cn-qu |
| 086 | 1 |aCo22-510/1990F-PDF |
| 245 | 00|aImpact des modifications apportées à l'abri fiscal québécois sur la production cinématographique et télévisuelle. |
| 264 | 1|a[Ottawa] : |bMinistère des communications du Canada, |caoût 1990. |
| 300 | |a1 ressource en ligne (13 pages) |
| 336 | |atexte|btxt|2rdacontent/fre |
| 337 | |ainformatique|bc|2rdamedia/fre |
| 338 | |aressource en ligne|bcr|2rdacarrier/fre |
| 500 | |aÉdition numérisée de l'imprimé [par Innovation, Sciences et Développement économique Canada]. |
| 504 | |aComprend des références bibliographiques. |
| 650 | 6|aAbris fiscaux|zQuébec (Province) |
| 650 | 6|aCinéma|xIndustrie|xImpôts|zQuébec (Province) |
| 650 | 6|aTélévision|xImpôts|zQuébec (Province) |
| 650 | 0|aTax shelters|zQuébec (Province) |
| 650 | 0|aMotion picture industry|xTaxation|zQuébec (Province) |
| 650 | 0|aTelevision broadcasting|xTaxation|zQuébec (Province) |
| 710 | 1 |aCanada. |bMinistère des communications, |eorganisme de publication. |
| 856 | 40|qPDF|s444 Ko|uhttps://publications.gc.ca/collections/collection_2024/isde-ised/co22/Co22-510-1990-fra.pdf |